| 000 | 01022nam0a22002531 4500 | ||
|---|---|---|---|
| 001 | rc\235448 | ||
| 005 | 20030307120324.7 | ||
| 035 | _a(NLR Aleph) 005497843 | ||
| 090 |
_a5275724 _c5275724 |
||
| 100 | _a20030307d1990 u |0rusy50 ca | ||
| 101 | 0 | _arus | |
| 102 | _aRU | ||
| 105 | _ay ||||||||| | ||
| 200 | 1 |
_aМЕТОДИЧЕСКАЯ разработка по курсу "Введение в философию. Философия как явление духовной культуры" _fМ-во высш. и сред. спец. образования РСФСР. Том. гос. ун-т им. В.В. Куйбышева _g[Сост. доц. Книгин А.Н.] |
|
| 210 |
_aТомск _cТГУ _d1990 |
||
| 215 |
_a13 с. _d20 |
||
| 320 | _aБиблиогр.: с. 9-13 | ||
| 702 | 1 |
_aКнигин _bА. Н. _4220 |
|
| 712 | 0 | 2 |
_aТомский ун-т им. В.В.Куйбышева _3RU\NLR\AUTH\883354 |
| 801 | 0 |
_aRU _bNLR _gpsbo |
|
| 801 | 1 |
_aRU _bELAR _2rusmarc |
|
| 852 |
_aNLR _j91-4/9725 |
||
| 942 | _cBOOK | ||
| 980 | _aNB | ||